| 000 | 01470nam a22003254a 4500 | ||
|---|---|---|---|
| 001 | ebr10118504 | ||
| 003 | CaPaEBR | ||
| 006 | m u | ||
| 007 | cr cn||||||||| | ||
| 008 | 020725s2002 nyua sb 001 0 eng c | ||
| 016 | 7 |
_z101144360 _2DNLM |
|
| 020 | _z1888799595 | ||
| 040 |
_aCaPaEBR _cCaPaEBR |
||
| 035 | _a(OCoLC)228129177 | ||
| 050 | 1 | 4 |
_aRC377 _b.F73 2002eb |
| 082 | 0 | 4 |
_a616.8/34 _221 |
| 100 | 1 | _aFraser, Robert T. | |
| 245 | 1 | 0 |
_aMultiple sclerosis _h[electronic resource] : _bpsychosocial and vocational interventions / _cRobert T. Fraser, David C. Clemmons, Francie Bennett. |
| 260 |
_aNew York : _bDemos Medical Pub., _cc2002. |
||
| 300 |
_axiv, 173 p. : _bill. |
||
| 504 | _aIncludes bibliographical references and index. | ||
| 505 | 0 |
_t1. Multiple sclerosis / _rClemmons -- _t2. Neuropsychological concerns / _rClemmons -- _t3. Vocational rehabiliation interventions / _rFraser -- _t4. Psychosocial issues and interventions / _rBennett. |
|
| 533 |
_aElectronic reproduction. _bPalo Alto, Calif. : _cebrary, _d2013. _nAvailable via World Wide Web. _nAccess may be limited to ebrary affiliated libraries. |
||
| 650 | 0 |
_aMultiple sclerosis _xPatients _xRehabilitation. |
|
| 655 | 7 |
_aElectronic books. _2local |
|
| 700 | 1 | _aClemmons, David Charles. | |
| 700 | 1 | _aBennett, Francie. | |
| 710 | 2 | _aebrary, Inc. | |
| 856 | 4 | 0 |
_uhttp://site.ebrary.com/lib/rucke/Doc?id=10118504 _zAn electronic book accessible through the World Wide Web; click to view |
| 999 |
_c217882 _d217882 |
||